Модели и методы управляемой коммутации в электрических сетях 6 (10) кВ систем электроснабжения: автореферат диссертации на соискание ученой степени кандидата технических наук; спец. 05.14.02

Detalles Bibliográficos
Autor principal: Шевцов Д. Е. Дмитрий Евгеньевич
Autor Corporativo: Новосибирский государственный технический университет (НГТУ)
Otros Autores: Павлюченко Д. А. Дмитрий Анатольевич (научный руководитель)
Sumario:Защита сост. 7.06.2017 г.
Lenguaje:ruso
Publicado: Томск, [Б. и.], 2017
Materias:
Formato: Libro
KOHA link:https://koha.lib.tpu.ru/cgi-bin/koha/opac-detail.pl?biblionumber=333762

MARC

LEADER 00000nam0a2200000 4500
001 333762
005 20231102004604.0
035 |a (RuTPU)RU\TPU\book\359775 
090 |a 333762 
100 |a 20170623d2017 k y0rusy50 ca 
101 0 |a rus 
102 |a RU 
105 |a a dm 001zy 
200 1 |a Модели и методы управляемой коммутации в электрических сетях 6 (10) кВ систем электроснабжения  |e автореферат диссертации на соискание ученой степени кандидата технических наук  |e спец. 05.14.02  |f Д. Е. Шевцов  |g Новосибирский государственный технический университет (НГТУ) ; науч. рук. Д. А. Павлюченко 
210 |a Томск  |c [Б. и.]  |d 2017 
215 |a 21 с.  |c ил. 
300 |a Защита сост. 7.06.2017 г. 
320 |a Библиогр.: с. 20-21 (15 назв.) 
452 1 |0 (RuTPU)RU\TPU\book\356480  |t Модели и методы управляемой коммутации в электрических сетях 6 (10) кВ систем электроснабжения  |o автореферат диссертации на соискание учёной степени кандидата технических наук  |o спец. 05.14.02  |f Д. Е. Шевцов  |g Новосибирский государственный технический университет (НГТУ) ; науч. рук. Д. А. Павлюченко  |c Томск  |d 2017  |a Шевцов, Дмитрий Евгеньевич 
606 1 |a Электрические сети  |x Включение и отключение  |2 stltpush  |3 (RuTPU)RU\TPU\subj\27395  |9 51156 
610 1 |a выключатели 
610 1 |a эксплуатация 
610 1 |a управляемая коммутация 
610 1 |a имитационные модели 
610 1 |a переходные процессы 
610 1 |a реактивные элементы 
610 1 |a алгоритмы 
610 1 |a практическая реализация 
610 1 |a авторефераты диссертаций 
675 |a 621.311.1.064(04)  |v 4 
686 |a 05.14.02  |2 oksvnk 
700 1 |a Шевцов  |b Д. Е.  |g Дмитрий Евгеньевич 
702 1 |a Павлюченко  |b Д. А.  |g Дмитрий Анатольевич  |4 727 
712 0 2 |a Новосибирский государственный технический университет (НГТУ)  |c (1992- )  |2 stltpush  |3 (RuTPU)RU\TPU\col\36 
801 1 |a RU  |b 63413507  |c 20170623 
801 2 |a RU  |b 63413507  |c 20180109  |g RCR 
942 |c BK